Truyện cực ngắn của E. Hemingway
में बचाया:
| मुख्य लेखक: | |
|---|---|
| स्वरूप: | पुस्तक |
| भाषा: | Undetermined |
| प्रकाशित: |
Thành phố Hồ Chí Minh
Văn nghệ Thành phố Hồ Chí Minh
2001
|
| विषय: | |
| टैग : |
टैग जोड़ें
कोई टैग नहीं, इस रिकॉर्ड को टैग करने वाले पहले व्यक्ति बनें!
|
| Thư viện lưu trữ: | Trung tâm Học liệu Trường Đại học Cần Thơ |
|---|
| LEADER | 00574nam a2200193Ia 4500 | ||
|---|---|---|---|
| 001 | CTU_100199 | ||
| 008 | 210402s9999 xx 000 0 und d | ||
| 020 | |c 11000 | ||
| 082 | |a 813.52 | ||
| 082 | |b H487 | ||
| 100 | |a Hemingway, E. | ||
| 245 | 0 | |a Truyện cực ngắn của E. Hemingway | |
| 245 | 0 | |c E. Hemingway | |
| 260 | |a Thành phố Hồ Chí Minh | ||
| 260 | |b Văn nghệ Thành phố Hồ Chí Minh | ||
| 260 | |c 2001 | ||
| 650 | |a Short stories, American | ||
| 904 | |i Hiếu | ||
| 980 | |a Trung tâm Học liệu Trường Đại học Cần Thơ | ||